| 000 | 00482nam a22001697a 4500 | ||
|---|---|---|---|
| 003 | BD-DhUL | ||
| 005 | 20171121150040.0 | ||
| 008 | 171121s1313 ii ||||| |||| 00| 0 per d | ||
| 040 |
_aBD-DhUL _cBD-DhUL |
||
| 082 |
_a891.551 _bSAG |
||
| 100 | 0 | _aثمیر الدین | |
| 245 | 0 |
_aگلبن اختر / _cثمیر الدین |
|
| 260 |
_aلکھنو : _bمطبع مخنبائ،، _c۱۳۱۳۔ |
||
| 300 |
_aص۔ ۲۲۹ ؛ _c۲۴ سم۔ |
||
| 650 | 0 | _aPersian poetry | |
| 942 |
_2ddc _cBK |
||
| 999 |
_c232314 _d232314 |
||